Statistics for The 50 States

Click here to take the quiz!

General Stats

  • This quiz has been taken 60 times
    (51 since last reset)
  • The average score is 43 of 50

Answer Stats

State% Correct
Alabama
98%
Colorado
98%
Florida
95%
Alaska
93%
Arkansas
93%
California
93%
Nevada
93%
New Mexico
93%
New York
93%
Oregon
93%
South Carolina
93%
South Dakota
93%
Arizona
90%
Delaware
90%
Georgia
90%
Maine
90%
Mississippi
90%
North Carolina
90%
North Dakota
90%
Kansas
88%
Louisiana
88%
Ohio
88%
Oklahoma
88%
Texas
88%
Connecticut
85%
Hawaii
85%
Indiana
85%
Kentucky
85%
New Jersey
85%
Virginia
85%
Washington
85%
Illinois
83%
New Hampshire
83%
Rhode Island
83%
Tennessee
83%
Utah
83%
Vermont
83%
Wyoming
83%
Maryland
80%
Massachusetts
80%
Pennsylvania
80%
Wisconsin
80%
Idaho
78%
Missouri
78%
Montana
78%
Nebraska
78%
West Virginia
78%
Iowa
76%
Michigan
76%
Minnesota
76%

Score Distribution

Percentile by Number Answered

Percent of People with Each Score

Your Score History

You have not taken this quiz since the last reset